Fuente de poder regulada y controlada con regulación de tensión por medio de un tristor
שמור ב:
| מחבר ראשי: | |
|---|---|
| פורמט: | ספר |
| יצא לאור: |
[San José , Costa Rica]
1970
|
| תגים: |
הוספת תג
אין תגיות, היה/י הראשונ/ה לתייג את הרשומה!
|
MARC
| LEADER | 00000nam a2200000Ia 4500 | ||
|---|---|---|---|
| 003 | PIE109 | ||
| 005 | 20240819081830.0 | ||
| 008 | 140116s1970 c a m 000 ||s d | ||
| 040 | |c cru CEDI | ||
| 090 | |a PIE-109 | ||
| 100 | |a Rosenstock Lang, Rubén |9 18226 | ||
| 245 | |a Fuente de poder regulada y controlada con regulación de tensión por medio de un tristor | ||
| 260 | |a [San José , Costa Rica] |c 1970 | ||
| 300 | |a 64 hojas ; ilustraciones, 9 fotografías originales en blanco y negro | ||
| 500 | |a A la Cabeza de la portada. Universidad de Costa Rica. Facultad de Ingeniería. Departamento de Ingeniería Eléctrica. "IE-504 Laboratorio Eléctrico A” | ||
| 942 | |c PIE |h PIE109 |i PIE109 |6 PIE_109_000000000000000_PIE109 | ||
| 999 | |c 13470 |d 13470 | ||
